| 000 | 01632nam a2200361 a 4500 | ||
|---|---|---|---|
| 001 | ebr10001981 | ||
| 003 | CaPaEBR | ||
| 006 | m u | ||
| 007 | cr cn||||||||| | ||
| 008 | 951218s1996 ctu sbd 001 0deng | ||
| 010 | _z 95053105 | ||
| 020 | _z0313287589 (hardcover : alk. paper) | ||
| 040 |
_aCaPaEBR _cCaPaEBR |
||
| 035 | _a(OCoLC)648348596 | ||
| 050 | 1 | 4 |
_aPR736 _b.B7 1996eb |
| 082 | 0 | 4 |
_a822/.809/03 _220 |
| 245 | 0 | 0 |
_aBritish playwrights, 1880-1956 _h[electronic resource] : _ba research and production sourcebook / _cedited by William W. Demastes and Katherine E. Kelly. |
| 260 |
_aWestport, Conn. : _bGreenwood Press, _c1996. |
||
| 300 | _axii, 457 p. | ||
| 504 | _aIncludes bibliographical references (p. [425]-427) and indexes. | ||
| 533 |
_aElectronic reproduction. _bPalo Alto, Calif. : _cebrary, _d2013. _nAvailable via World Wide Web. _nAccess may be limited to ebrary affiliated libraries. |
||
| 650 | 0 |
_aEnglish drama _y20th century _vDictionaries. |
|
| 650 | 0 |
_aEnglish drama _y20th century _vBio-bibliography _vDictionaries. |
|
| 650 | 0 |
_aEnglish drama _y19th century _vBio-bibliography _vDictionaries. |
|
| 650 | 0 |
_aDramatists, English _y20th century _vBiography _vDictionaries. |
|
| 650 | 0 |
_aDramatists, English _y19th century _vBiography _vDictionaries. |
|
| 650 | 0 |
_aEnglish drama _y19th century _vDictionaries. |
|
| 655 | 7 |
_aElectronic books. _2local |
|
| 700 | 1 | _aDemastes, William W. | |
| 700 | 1 |
_aKelly, Katherine E., _d1947- |
|
| 710 | 2 | _aebrary, Inc. | |
| 856 | 4 | 0 |
_uhttp://site.ebrary.com/lib/rucke/Doc?id=10001981 _zAn electronic book accessible through the World Wide Web; click to view |
| 999 |
_c5285 _d5285 |
||